Buffy the Vampire Slayer Characters by Episode Count - Statistics

General Stats
  • This quiz has been taken 239 times
  • The average score is 24 of 30
Answer Stats
Episodes Answer % Correct
56 Angel
100%
122 Rupert Giles
100%
144 Buffy Summers
99%
96 Spike
99%
144 Willow Rosenberg
99%
143 Xander Harris
99%
66 Dawn Summers
97%
55 Cordelia Chase
95%
31 Riley Finn
95%
81 Anya Jenkins
94%
20 Faith Lehane
94%
47 Tara Maclay
94%
58 Joyce Summers
93%
17 Drusilla
91%
39 Daniel "Oz" Osbourne
90%
13 Glory
84%
29 Jonathan Levinson
80%
14 Mayor Richard Wilkins
80%
27 Andrew Wells
76%
16 Warren Mears
74%
15 Harmony Kendall
72%
10 Adam
70%
14 Jenny Calendar
70%
19 Principal Snyder
67%
13 Kennedy
64%
14 Ben Wilkinson
55%
14 Robin Wood
51%
12 Forrest Gates
43%
10 Amanda
29%
13 Graham Miller
29%
No matching quizzes found
Score Distribution
Percent of People with Each Score
Percentile by Number Answered
Your Score History
You have not taken this quiz